000 00244nam a2200097Ia 4500
005 20251222114349.0
008 251222s1900||||xx |||||||||||||| ||spa||
082 _aDVD0070/M38/2006
245 0 _aEl Jardinero Fiel:The Constant Gardener
942 _cDVD
999 _c1163
_d1163